000 00288nam a22001337a 4500
003 SGT
020 _a978-93-86478-98-6
082 _a611
_bR18R
100 _aRAVIRAJ, K.
245 _aREVISE ANATOMY IN 15 DAYS
260 _aINDIA
_bCBS PUB
_c2018
300 _a511
942 _2ddc
_cBK
_07
999 _c18221
_d18221